一一对应写出中国所有地级行政区(北方部分) Sequential Chinese prefecture-level regions - Statistics

General Stats
  • This quiz has been taken 258 times
    257 since last reset
  • The average score is 128 of 192
Answers on the Map
Answers color-coded by a green-red scale on the quiz's map according to % correct below.
 
Answer Stats
地市 % Correct
赤峰
75%
通辽
75%
阿里地区
75%
哈尔滨
74%
黑河
74%
锡林郭勒盟
74%
廊坊
73%
张家口
73%
南阳
73%
海北藏族自治州
73%
保定
72%
郑州
72%
大连
72%
呼伦贝尔
72%
乌海
72%
海西蒙古族藏族自治州
72%
北京
72%
阿勒泰地区
72%
安阳
71%
大兴安岭地区
71%
阿拉善盟
71%
玉树藏族自治州
71%
忻州
71%
天津
71%
日喀则
71%
哈密
71%
张掖
70%
沧州
70%
承德
70%
邯郸
70%
唐山
70%
邢台
70%
鹤壁
70%
洛阳
70%
三门峡
70%
牡丹江
70%
绥化
70%
延边朝鲜族自治州
70%
葫芦岛
70%
包头
70%
鄂尔多斯
70%
呼和浩特
70%
乌兰察布
70%
石嘴山
70%
果洛藏族自治州
70%
滨州
70%
泰安
70%
临汾
70%
渭南
70%
汉中
70%
延安
70%
榆林
70%
拉萨
70%
那曲
70%
巴音郭楞蒙古自治州
70%
昌吉回族自治州
70%
乌鲁木齐
70%
酒泉
69%
秦皇岛
69%
石家庄
69%
大庆
69%
鹤岗
69%
佳木斯
69%
长春
69%
丹东
69%
辽阳
69%
沈阳
69%
海南藏族自治州
69%
德州
69%
聊城
69%
青岛
69%
大同
69%
太原
69%
西安
69%
山南
69%
和田地区
69%
克孜勒苏柯尔克孜自治州
69%
滁州
68%
嘉峪关
68%
新乡
68%
鸡西
68%
七台河
68%
齐齐哈尔
68%
伊春
68%
白山
68%
本溪
68%
四平
68%
营口
68%
兴安盟
68%
吴忠
68%
银川
68%
烟台
68%
朔州
68%
昌都
68%
喀什地区
68%
甘南藏族自治州
67%
衡水
67%
济源
67%
平顶山
67%
濮阳
67%
吉林
67%
辽源
67%
鞍山
67%
朝阳
67%
阜新
67%
盘锦
67%
松原
67%
铁岭
67%
巴彦淖尔
67%
济南
67%
威海
67%
潍坊
67%
晋城
67%
晋中
67%
长治
67%
商洛
67%
白银
66%
兰州
66%
陇南
66%
平凉
66%
双鸭山
66%
白城
66%
西宁
66%
吕梁
66%
阳泉
66%
咸阳
66%
庆阳
65%
武威
65%
漯河
65%
信阳
65%
徐州
65%
中卫
65%
海东
65%
东营
65%
枣庄
65%
运城
65%
安康
65%
铜川
65%
林芝
65%
博尔塔拉蒙古自治州
65%
克拉玛依
65%
金昌
64%
焦作
64%
开封
64%
许昌
64%
抚顺
64%
锦州
64%
济宁
64%
临沂
64%
日照
64%
塔城地区
64%
吐鲁番
64%
亳州
63%
合肥
63%
六安
63%
宿州
63%
临夏回族自治州
63%
淮安
63%
连云港
63%
南通
63%
宿迁
63%
泰州
63%
盐城
63%
通化
63%
淄博
63%
宝鸡
63%
伊犁哈萨克自治州
63%
蚌埠
62%
淮北
62%
驻马店
62%
菏泽
62%
淮南
61%
定西
61%
商丘
61%
周口
61%
扬州
61%
黄南藏族自治州
61%
阿克苏地区
61%
阜阳
60%
固原
60%
天水
57%
石河子
57%
阿拉尔
55%
五家渠
55%
安庆
53%
铁门关
52%
昆玉
51%
北屯
50%
胡杨河
48%
图木舒克
48%
可克达拉
47%
双河
45%
No matching quizzes found
Score Distribution
Percent of People with Each Score
Percentile by Number Answered
Your Score History
You have not taken this quiz since the last reset